000 00480nam a2200205Ia 4500
003 OSt
005 20230419113400.0
008 210423s2009 xx 000 0 und d
020 _a1584886897
040 _cAL
041 _aeng
082 _a512.02 GARP
100 _aGARRETT (Paul B).
_990493
245 _aAbstract algebra.
260 _aNew York
_bChapman & Hall
_c2009
300 _a451
_bPB
365 _b450
_cINR
906 _aAbstract ; algebra.
942 _2ddc
_cBK
999 _c160129
_d160129